000
00289nam a2200097Ia 4500
005
20250424112923.0
008
250424s9999 xx 000 0 und d
300
_a
107 p. :ill. ; 29 cm.
650
_a
Land use--Nigeria--Periodicals. Real estate management--Nigeria--Periodicals.
942
_c
SR
999
_c
37890
_d
37890